| 000 | 01895nam a22001577a 4500 | ||
|---|---|---|---|
| 041 | _aukr | ||
| 080 | _a09 | ||
| 090 | _bСТЕ | ||
| 100 | _aСтепанюк О. О. | ||
| 245 | _aПроблеми людського буття а романах "Біси" Ф. Достоєвського та "Авесалом" В. Фолкнера | ||
| 260 |
_aОстрог _bКАФ _c2006 |
||
| 300 | _a57 | ||
| 520 |
_aВступ.
Розділ 1. Філософсько-естетичне осмислення людського буття.
1.1. Історичне підгрунтя "Бісів" Ф. Достоєвського та "Аваселому" В. Фолкнера.
1.2. "Надлюдина" Ф. Ніцше та "маленькі особистості" В. Фолкнера і Ф. Достоєвського.
1.3. Архетип дитини та матері у романах.
Розділ 2. Пошуки сенсусмерті у романах.
2.1. Проблема самогубства у творах "Авесалом" В.Фолкнера та "Біси" Ф. Достоєвського.
2.2. Нівеляція mens sana "маленької людини".
Розділ 3. Релігійна проблематика "Бісів" та "Авесалому".
3.1. Біблійські сентенції у романі "Біси".
3.1.1. Ідейно-художнє вираження есхатологічних ідей.
3.1.2. Воскресіння "маленької людини" та утопія вічного життя.
3.2. Біблійна основа роману "Авесалом".
3.2.1. Сакральна притча як смислова й композиційна модель твору.
3.2.2. Мотив людинобога і людинобагача.
Висновки. _0літературознавсто |
||
| 650 | _aResearch Papers | ||
| 999 |
_c283421 _d283421 |
||
| 942 | _cBK | ||